The Secret Confession of Jebediah Springfield Quiz Stats

 Plays Quiz Updated May 30, 2018

Support Sporcle.
Go Orange.
Score 0/94 Timer 10:00
1 Play Today
% Correct
I
95.4%
I
95.4%
I
95.4%
I
95.4%
I
95.4%
the
80.7%
the
80.7%
the
80.7%
Springfield.
73.1%
to
62.7%
to
62.7%
Jebediah
60.5%
Ha
55.9%
ha
55.9%
ha
55.9%
ha
55.9%
ha!
55.9%
Ha
55.9%
ha
55.9%
ha
55.9%
ha
55.9%
ha!
55.9%
Ha
55.9%
ha
55.9%
ha
55.9%
ha
55.9%
ha!
55.9%
and
55.8%
is
55.2%
not
54.8%
not
54.8%
was
54.3%
% Correct
was
54.3%
It
50.5%
it.
50.5%
this
49.3%
this
49.3%
this
49.3%
of
47%
my
46.5%
my
46.5%
my
46.5%
my
46.5%
on
45.9%
that
40.8%
will
38.4%
Know
38%
who
37.8%
so
36.8%
did
35.5%
pirate,
35.3%
as
35.2%
have
33.6%
confession
33.5%
Sprungfeld,
32.2%
known
31.5%
Hans
30.3%
town
29.6%
ye
29.4%
read
27.1%
there
26.4%
never
26.3%
write
25.6%
been
23.9%
% Correct
truth!
21.3%
always
20.4%
has
20.3%
life
20%
shot
19.7%
already
19.1%
tame
19%
tame,
19%
buffalo.
18.9%
than
18.9%
live
17.6%
merely
17.3%
more
16.7%
shall
15.3%
murderous
14.9%
after
13.1%
learn
11.2%
Until
11.1%
history
10.9%
body
10.7%
Firstly,
9.7%
diphtheria.
9.3%
Secondly,
9.2%
legendary
8.7%
infectious
7.8%
records.
7.8%
half-wits
7.6%
succumbed
7.1%
1796,
7%
infamy
6.8%

You're not logged in!

Compare scores with friends on all Sporcle quizzes.
OR
Log In

From the Vault

US History Grab Bag

by hscer

Let us know if you find any wooden teeth in there.
Remove Ads.
Support Sporcle.
Get the best of Sporcle when you Go Orange. This ad-free experience offers more features, more stats, and more fun while also helping to support Sporcle. Thank you for becoming a member.

Show Comments

Extras

Top Quizzes Today


Score Distribution

Your Account Isn't Verified!

In order to create a playlist on Sporcle, you need to verify the email address you used during registration. Go to your Sporcle Settings to finish the process.

Report this User

Report this user for behavior that violates our Community Guidelines.

Details: